书目信息 |
| 题名: |
晶体管十二路载波机解说
|
|
| 作者: | ;北京邮电学院载波专业《晶体管十二路载波机解说》编写组 编 | |
| 分册: | ||
| 出版信息: | 北京 人民邮电出版社 1976 |
|
| 页数: | 205页 | |
| 开本: | 19cm | |
| 丛书名: | 电信技术基础自学丛书 | |
| 单 册: | ||
| 中图分类: | TN-51 | |
| 科图分类: | ||
| 主题词: | 无线电电子学 , 通信技术 , 载波机 | |
| 电子资源: | ||
| ISBN: | ||
| 000 | 01077nam2 2200277 45 | |
| 001 | 0176001184 | |
| 005 | 20060814084232.85 | |
| 010 | @dCNY0.55 | |
| 100 | @a19951013d1976 em y0chiy0121 ea | |
| 101 | 0 | @achi |
| 102 | @aCN@b110000 | |
| 105 | @ay z 000yy | |
| 200 | 10 | @a晶体管十二路载波机解说@Ajing ti guan shi er lu zai bo ji jie shuo@f北京邮电学院载波专业《晶体管十二路载波机解说》编写组编@Fbei jing you dian xue yuan zai bo zhuan ye《jing ti guan shi er lu zai bo ji jie shuo》bian xie zu bian |
| 210 | @a北京@c人民邮电出版社@d1976 | |
| 215 | @a205页@d19cm | |
| 225 | 2 | @a电信技术基础自学丛书 |
| 300 | @a附录中简单介绍了四种测试仪表的电路工作原理及其使用方法 | |
| 410 | 0 | @120010@a电信技术基础自学丛书 |
| 606 | 0 | @a无线电电子学 |
| 606 | 0 | @a通信技术 |
| 606 | @a载波机 | |
| 690 | @aTN-51@v3 | |
| 711 | 0 | @a北京邮电学院载波专业《晶体管十二路载波机解说》编写组@Abei jing you dian xue yuan zai bo zhuan ye《jing ti guan shi er lu zai bo ji jie shuo》bian xie zu@4编 |
| 801 | 0 | @aCN@bTSSF@c20060814 |
| 801 | 2 | @aCN@bNLC@c20060805 |
| 905 | @a10447@dTN-51@e3 | |
| 晶体管十二路载波机解说/北京邮电学院载波专业《晶体管十二路载波机解说》编写组编.-北京:人民邮电出版社,1976 |
| 205页;19cm.-(电信技术基础自学丛书) |
| 附录中简单介绍了四种测试仪表的电路工作原理及其使用方法 |
| ISBN :CNY0.55 |
| ● |
| 相关链接 |
|
|
|
|
正题名:晶体管十二路载波机解说
索取号:TN-51/3
 
预约/预借
| 序号 | 登录号 | 条形码 | 馆藏地/架位号 | 状态 | 备注 |
| 1 | 0008880 | 202352131 | 密集书库/ [索取号:TN-51/3] | 在馆 | |
| 2 | 0008881 | 202352257 | 密集书库/ [索取号:TN-51/3] | 在馆 | |
| 3 | 0008882 | 202352293 | 密集书库/ [索取号:TN-51/3] | 在馆 | |
| 4 | 0008883 | 202347781 | 密集书库/ [索取号:TN-51/3] | 在馆 | |
| 5 | 0437386 | 204373864 | 密集书库/ [索取号:TN-51/3] | 在馆 | |
| 6 | 0437867 | 204378672 | 密集书库/ [索取号:TN-51/3] | 在馆 | |
| 7 | 0451565 | 204515658 | 密集书库/ [索取号:TN-51/3] | 在馆 | |
| 8 | 0451569 | 204515694 | 密集书库/ [索取号:TN-51/3] | 在馆 | |
| 9 | 0457992 | 204579928 | 密集书库/ [索取号:TN-51/3] | 在馆 |